| 000 | 00000nam 2200000zi 4500 |
| 001 | 9.934066 |
| 003 | CaOODSP |
| 005 | 20240216145023 |
| 006 | m o d f |
| 007 | cr mn||||||||| |
| 008 | 240216e201601 quca ob f000 0 fre d |
| 040 | |aCaOODSP|bfre|erda|cCaOODSP |
| 043 | |an-cn--- |
| 086 | 1 |aEn4-643/2016F-PDF |
| 245 | 00|aÉvaluation du sous-programme 2.1.1 : |bobservations, prévisions et avertissements météorologiques : rapport final / |cDirection générale de la vérification et de l’évaluation. |
| 246 | 30|aÉvaluation du programme « Observations, prévisions et avertissements météorologiques » |
| 264 | 1|a[Gatineau QC] : |bEnvironnement et changement climatique Canada, |cjanvier 2016. |
| 300 | |a1 ressource en ligne (ii, 39 pages) : |billustration |
| 336 | |atexte|btxt|2rdacontent/fre |
| 337 | |ainformatique|bc|2rdamedia/fre |
| 338 | |aressource en ligne|bcr|2rdacarrier/fre |
| 500 | |aPublié aussi en anglais sous le titre : Evaluation of the Weather Observations, Forecasts and Warnings (sub-program 2.1.1) : final report. |
| 504 | |aComprend des références bibliographiques. |
| 610 | 26|aService météorologique du Canada|xÉvaluation. |
| 650 | 6|aServices météorologiques|zCanada|xÉvaluation. |
| 710 | 1 |aCanada. |bEnvironnement et changement climatique Canada. |bDirection générale de la vérification et de l'évaluation, |eorganisme de publication. |
| 775 | 08|tEvaluation of the Weather Observations, Forecasts and Warnings (sub-program 2.1.1) : |w(CaOODSP)9.932244 |
| 856 | 40|qPDF|s370 Ko|uhttps://publications.gc.ca/collections/collection_2024/eccc/en4/En4-643-2016-fra.pdf |